000 00601nam a22002297a 4500
001 00028919
005 20260428181819.0
008 260428b ag ||||| |||| 00| 0 spa d
020 _a8441301190
040 _aAR-CcCEOS
_bspa
_cAR-CcCEOS
041 _aspa
080 _a949.5:7
090 _bSHE v.2
100 1 _aSherrard, Philip
_91138
245 _aBizancio :
_bVolumen II /
_cPhilip Sherrard
264 _aBarcelona :
_bFolio,
_c1995.
300 _a183 p. ;
_c24x18 cm.
490 _vAtlas culturales del mundo
650 0 _ahistoria
_990
655 0 _aarte
_9138
942 _2udc
_cBK
_n0
999 _c28971
_d28971